00927 a2200169 4500003000500000005001700005008004100022020002700063020003000090040000900120082000800129100002300137245005600160260003600216300002100252520048400273NUST20180118110449.0170511b xxu||||| |||| 00| 0 eng d a0130457868 (hardcover) a9780130457868 (hardcover) cNUST a5151 aTrench, William F.10aIntroduction to real analysis /cWilliam F. Trench. a[S.l.] :bPrentice Hall,c2003. a574 p. ;c24 cm. aUsing an extremely clear and informal approach, this book introduces readers to a rigorous understanding of mathematical analysis and presents challenging math concepts as clearly as possible. The real number system. Differential calculus of functions of one variable. Riemann integral functions of one variable. Integral calculus of real-valued functions. Metric Spaces. For those who want to gain an understanding of mathematical analysis and challenging mathematical concepts.